| Tag |
First Indicator |
Second Indicator |
Subfields |
| LEADER |
00000cgm a22000003i 4500 |
| 001 |
in00003751007 |
| 006 |
m|||||o||c|||||||| |
| 007 |
cr |n||||||||a |
| 007 |
vz |za|z| |
| 008 |
150818s2007 txu028 e |o vleng d |
| 005 |
20260324203330.8 |
| 035 |
|
|
|a (OCoLC)929481648
|
| 035 |
|
|
|a ASP2808976/ebap
|
| 040 |
|
|
|a VaAlASP
|b eng
|e rda
|c VaAlASP
|d UtOrBLW
|
| 245 |
0 |
0 |
|a English composition II :
|b the writer's odyssey.
|n Lesson 8,
|p Documenting research /
|c producer/director, Julia Dyer, Craig Mayes.
|
| 246 |
1 |
0 |
|a Documenting research
|
| 264 |
|
1 |
|a Dallas, TX :
|b Dallas County Community College District,
|c 2007.
|
| 300 |
|
|
|a 1 online resource (28 minutes)
|
| 306 |
|
|
|a 002802
|
| 336 |
|
|
|a two-dimensional moving image
|b tdi
|2 rdacontent
|
| 337 |
|
|
|a computer
|b c
|2 rdamedia
|
| 337 |
|
|
|a video
|b v
|2 rdamedia
|
| 338 |
|
|
|a online resource
|b cr
|2 rdacarrier
|
| 338 |
|
|
|a other
|b vz
|2 rdacarrier
|
| 347 |
|
|
|a data file
|2 rda
|
| 500 |
|
|
|a Title from resource description page (viewed August 18, 2015).
|
| 520 |
|
|
|a Documenting Research presents skills and standard for documenting argumentative research papers, in-text and in Works Cited/Reference pages.
|
| 546 |
|
|
|a In English.
|
| 650 |
|
0 |
|a Academic writing.
|0 http://id.loc.gov/authorities/subjects/sh93009381
|
| 650 |
|
0 |
|a Bibliographical citations.
|0 http://id.loc.gov/authorities/subjects/sh85013833
|
| 650 |
|
0 |
|a Bibliography
|x Methodology.
|0 http://id.loc.gov/authorities/subjects/sh85013859
|
| 650 |
|
0 |
|a Plagiarism.
|0 http://id.loc.gov/authorities/subjects/sh85102580
|
| 655 |
|
7 |
|a Internet videos.
|2 lcgft
|0 http://id.loc.gov/authorities/genreForms/gf2011026337
|
| 655 |
|
7 |
|a Educational films.
|2 lcgft
|0 http://id.loc.gov/authorities/genreForms/gf2011026219
|
| 700 |
1 |
|
|a Dyer, Julia,
|e producer,
|e director.
|0 http://id.loc.gov/authorities/names/no2001068357
|
| 700 |
1 |
|
|a Mayes, Craig,
|e producer,
|e director.
|0 http://id.loc.gov/authorities/names/no2004077143
|
| 710 |
2 |
|
|a Dallas TeleLearning (Firm),
|e production company.
|0 http://id.loc.gov/authorities/names/no2003039706
|
| 856 |
4 |
0 |
|u http://proxy.library.tamu.edu/login?url=https://www.aspresolver.com/aspresolver.asp?EBAP;2808976
|z Connect to this streaming video (Alexander Street Press)
|t 0
|
| 999 |
f |
f |
|s 7b79345f-f251-3821-993c-0d83d8d2047f
|i 74c92f29-1721-3a9a-9142-557d62ab3688
|t 0
|
| 952 |
f |
f |
|a Texas A&M University
|b College Station
|c Electronic Resources
|s www_evans
|d Available Online
|t 0
|h No information provided
|
| 998 |
f |
f |
|t 0
|l Available Online
|